000 004400000a22001810004500
003 MACL
005 20151227130033.0
008 151227b xxu||||| |||| 00| 0 eng d
040 _aMACL
_cMACL
041 _aEnglish
082 _a020/DAN
100 _aDanton, J Periam
_923146
245 _aEducation For Librarianship
260 _bU N S Co
_c1949
350 _a4
650 _aLibrary & information
_923147
942 _cBK
_k020/Dan
_2ddc
999 _c34755
_d34755